000 02031cam a22001814a 4500
005 20250605164403.0
008 250528s ||||||||||||||||||||||||d
035 _a24683
040 _aGR-AtMCL
_bgre
_dGR-AtMCL
_eAACR2
245 1 _aΠώς Ένας Μάνατζερ Σαμποτάρει τον Εαυτό του και Ποιό Είναι το Σύνδρομο Εργασιακής Εξουθένωσης
260 _bΔελτίον Διοικήσεως Επιχειρήσεων,
_c2019
300 _a80
520 _aΠώς Ένας Μάναντζερ Σαμποτάρει τον Εαυτό του Ασκώντας Αρνητική Κριτική στους Άλλους, Δημιουργώντας Ψηφιακές Προσφορές που οι Πελάτες θα Αγοράσουν, Από το Branding στο Brand Positioning και στην Καρδιά του Πελάτη του, EBRD: Οι Προτεραιότητες της Ελληνικής Οικονομίας για το 2020, EE: Εφικτοί οι Δημοσιονομικοί Στόχοι για το 2020, Θ. ΦΕΣΣΙΑΣ: Επαννεκίνηση της Αναπτυξιακής Διαδικασίας, ΕΥ: Θετικό Κλίμα για Επενδύσεις στην Ελλάδα, ΤτΕ: Μείωση Καταθέσεων και Δανείων, ΕΕΕ: Οι Έλληνες Πλοιοκτήτες Υποστηρίζουν Πλήρως την Πρόταση για τη Σύσταση Ταμείου για την Εξάλειψη των Εκπομπών CO2 από τα Πλοία, BIMCO: Δεν θα Συνεχιστεί η Ανοδική Πορεία των Ναύλων Τάνκερ, EAEE: Αυξημένη Παραγωγή Ασφαλίστρων στο Εννιάμηνο 2019, Τα Νέα των Βιομηχανικών και Εμπορικών Επιχειρήσεων.
700 1 _aΠαπαμιχαλάκης Ιωάννης Ν
_99495
942 _cCR
999 _c9550
_d9550